000 01249nam a2200337 i 4500
001 70413
003 Mx-PuUPA
005 20230830181311.0
008 230830s2022 caua fr 000 0 eng d
020 _a9781718501645
040 _aMx-PuUPA
_bspa
_cMx-PuUPA
_dMx-PuUPA
_erda
041 0 _aeng
100 1 _aParker, J. R.,
_q(Jim R.),
_d1955-
_914747
_eautor
245 1 3 _aAn artist's guide to programming :
_ba graphical introduction /
_cJim Parker
250 _aFirst printing
264 1 _aSan Francisco, CA :
_bNo Starch Press,
_c©2022
300 _axix, 226 páginas :
_bilustraciones, códigos ;
_c25 cm
336 _2rdacontent
_atexto
_btxt
337 _2rdamedia
_asin medio
_bn
338 _2rdacarrier
_avolumen
_bnc
650 7 _2armarc
_aSistemas multimedia
650 7 _2armarc
_aGráficos por computadora
650 7 _2armarc
_aMicrocomputadoras
_xProgramación
650 7 _2armarc
_aProcesamiento (Lenguaje de programa de computadora)
650 7 _2armarc
_aJava (Lenguaje de programa de computadora)
942 _2ddc
_cLI
_h006.7
_iP22
999 _c70413
_d70413